Mediterranean Islands - Sudden Death - Statistics

General Stats
  • This quiz has been taken 150 times
  • The average score is 11 of 14
Answers on the Grid
Answers color-coded by a green-red scale on the quiz's grid according to % correct below.
Sumatra
Madagascar
Cyprus
Gozo
Sicily
Ibiza
Cuba
Corsica
Java
Ireland
Corfu
Honshu
Crete
Taiwan
Minorca
Socotra
Principe
Saint Lucia
Elba
Borneo
Nauru
Sardinia
Rhodes
Lesbos
Nevis
Iceland
Krk
Kefalonia
 
Answer Stats
Answer % Correct
Cyprus
97%
Sicily
96%
Corsica
94%
Crete
92%
Ibiza
89%
Rhodes
87%
Sardinia
84%
Corfu
83%
Minorca
79%
Elba
76%
Lesbos
74%
Kefalonia
68%
Gozo
56%
Krk
52%
No matching quizzes found
Score Distribution
Percent of People with Each Score
Percentile by Number Answered
Your Score History
You have not taken this quiz